Miasta położone nad Wisłą - Statystyki

Ogólne statystyki
  • Ten quiz został rozwiązany 110 razy
    69 od ostatniego zresetowania
  • Średni wynik to 22 z 49
Statystyki odpowiedzi
Miasto % Poprawnych
Kraków
95%
Warszawa
93%
Gdańsk
89%
Płock
85%
Toruń
84%
Sandomierz
82%
Wisła
80%
Bydgoszcz
77%
Włocławek
72%
Grudziądz
70%
Tczew
67%
Kazimierz Dolny
61%
Oświęcim
61%
Puławy
57%
Tarnobrzeg
57%
Nowy Dwór Mazowiecki
49%
Ustroń
49%
Czechowice-Dziedzice
46%
Dęblin
44%
Niepołomice
44%
Otwock
44%
Chełmno
41%
Nowe
41%
Józefów
39%
Skawina
39%
Skoczów
39%
Gniew
36%
Góra Kalwaria
34%
Solec Kujawski
34%
Ciechocinek
33%
Zawichost
30%
Dobrzyń nad Wisłą
28%
Połaniec
28%
Solec nad Wisłą
26%
Szczucin
26%
Baranów Sandomierski
25%
Józefów nad Wisłą
25%
Wyszogród
25%
Brzeszcze
23%
Nieszawa
23%
Strumień
23%
Czerwińsk nad Wisłą
20%
Karczew
20%
Nowe Brzesko
20%
Nowy Korczyn
20%
Zakroczym
18%
Bieruń
16%
Opatowiec
16%
Bobrowniki
11%
Nie znaleziono quizów pasujących do podanych kryteriów
Rozkład punktacji
Procent ludzi z każdym wynikiem
Percentyl według liczby udzielonych odpowiedzi
Twoja historia wyników
Nie rozwiązałeś tego quizu od ostatniego zresetowania